| 000 | 00868nam a2200217 a 4500 | ||
|---|---|---|---|
| 008 | 111003s2010 ||||||||||||||||| || u | ||
| 020 | _a9781920409227 | ||
| 050 | _aJV 9006.15 Zim | ||
| 100 | _aTevera, Daniel | ||
| 245 | 1 | 0 |
_aZimbabwe's exodus: crisis, migration, survival _cedited by Jonathan Crush and Daniel Tevera |
| 260 |
_aKingston _bSouthern African Migration Programme _c2010 |
||
| 300 | _axiv, 416p.: ill. | ||
| 350 | _a0.00 | ||
| 650 | _aEMIGRANT REMITTANCES--ZIMBABWE | ||
| 650 | 7 |
_aMIGRATION _2gnd |
|
| 650 | _aZIMBABWE--ECONOMIC CONDITIONS | ||
| 650 | _aAFRICAN DIASPORA--ECONOMIC ASPECTS | ||
| 650 | _aZIMBABWE--EMIGRATION AND IMMIGRATION | ||
| 700 | _aCrush, Jonathan | ||
| 995 |
_D0.00 _FCBU-MAIN LIBRARY (Kitwe) _H1 _I0.00 _M1 _UAVAILABLE _WDec 1, 2011 _ZMain Library Open Access Collection |
||
| 999 |
_c62454 _d62454 |
||